Top 10 La Liga Best Starting XI - Statistics

General Stats
  • This quiz has been taken 4,930 times
    50 since last reset
  • The average score is 51 of 67
Answer Stats
Player % Correct
Real Madrid 2009-10, 2011-12, 2016-17 Cristiano Ronaldo
100%
FC Barcelona 2009-10, 2010-11, 2012-13, 2014-15, 2017-18 Lionel Messi
100%
FC Barcelona 2014-15, 2017-18 Luis Suárez
95%
Real Madrid 2009-10, 2011-12, 2016-17 Sergio Ramos
95%
Real Madrid 2011-12, 2016-17 Karim Benzema
93%
FC Barcelona 2014-15 Neymar
93%
FC Barcelona 2010-11, 2012-13, 2017-18 Andrés Iniesta
90%
Real Madrid 2016-17, 2023-24 Dani Carvajal
90%
Real Madrid 2009-10, 2011-12 Iker Casillas
90%
Real Madrid 2023-24 Rodrygo
90%
Real Madrid 2016-17, 2023-24 Toni Kroos
90%
Real Madrid 2023-24 Vinicius Júnior
90%
Real Madrid 2023-24 Andriy Lunin
88%
FC Barcelona 2009-10 Carles Puyol
88%
Real Madrid 2016-17 Luka Modrić
88%
FC Barcelona 2017-18 Marc-André ter Stegen
88%
FC Barcelona 2009-10, 2010-11, 2012-13, 2014-15 Xavi
88%
Real Madrid 2023-24 Federico Valverde
86%
FC Barcelona 2009-10, 2010-11, 2012-13, 2014-15, 2017-18 Gerard Piqué
86%
Real Madrid 2023-24 Jude Bellingham
86%
Real Madrid 2009-10, 2011-12, 2016-17 Marcelo
86%
FC Barcelona 2009-10, 2010-11, 2012-13 Víctor Valdés
86%
Real Madrid 2023-24 Antonio Rüdiger
83%
FC Barcelona 2009-10, 2010-11, 2012-13, 2014-15 Dani Alves
83%
Real Madrid 2011-12 Pepe
83%
FC Barcelona 2009-10, 2010-11, 2012-13, 2014-15, 2017-18 Sergio Busquets
83%
Real Madrid 2023-24 Eduardo Camavinga
81%
FC Barcelona 2014-15, 2017-18 Ivan Rakitić
81%
FC Barcelona 2025-26 Jules Koundé
81%
Real Madrid 2016-17 Keylor Navas
81%
FC Barcelona 2009-10 Zlatan Ibrahimović
81%
Real Madrid 2023-24 Aurélien Tchouaméni
79%
Real Madrid 2016-17 Casemiro
79%
FC Barcelona 2025-26 Lamine Yamal
79%
FC Barcelona 2025-26 Pau Cubarsí
79%
FC Barcelona 2025-26 Pedri
79%
FC Barcelona 2014-15 Claudio Bravo
76%
FC Barcelona 2025-26 Ferrán Torres
76%
Real Madrid 2009-10, 2011-12 Gonzalo Higuaín
76%
FC Barcelona 2012-13, 2014-15 Javier Mascherano
76%
FC Barcelona 2012-13, 2014-15, 2017-18 Jordi Alba
76%
FC Barcelona 2010-11 David Villa
74%
FC Barcelona 2025-26 Eric García
74%
FC Barcelona 2025-26 Joan García
74%
FC Barcelona 2009-10, 2010-11, 2012-13 Pedro
74%
Real Madrid 2023-24 Ferland Mendy
71%
Real Madrid 2011-12 Mesut Özil
71%
FC Barcelona 2025-26 Dani Olmo
69%
Real Madrid 2016-17 Raphaël Varane
69%
FC Barcelona 2025-26 Alejandro Balde
67%
Real Madrid 2009-10, 2011-12 Xabi Alonso
67%
FC Barcelona 2010-11 Éric Abidal
64%
FC Barcelona 2025-26 Fermin López
64%
Real Madrid 2011-12 Sami Khedira
64%
Real Madrid 2016-17 Isco
62%
FC Barcelona 2017-18 Samuel Umtiti
62%
FC Barcelona 2012-13 Cesc Fàbregas
60%
FC Barcelona 2025-26 Gerard Martín
60%
Real Madrid 2009-10, 2011-12 Álvaro Arbeloa
57%
Real Madrid 2009-10 Kaká
57%
FC Barcelona 2009-10 Seydou Keita
57%
FC Barcelona 2017-18 Sergi Roberto
55%
FC Barcelona 2009-10, 2010-11 Maxwell
50%
FC Barcelona 2017-18 Paulinho
45%
Real Madrid 2009-10 Lassana Diarra
38%
Real Madrid 2009-10 Raúl Albiol
38%
Real Madrid 2009-10 Esteban Granero
24%
No matching quizzes found
Score Distribution
Percent of People with Each Score
Percentile by Number Answered
Your Score History
You have not taken this quiz since the last reset